[Event "World ol U16"]
[Site "Eindhoven"]
[Date "2023.08.17"]
[Round "7.25"]
[White "Tandeka, Shiloh"]
[Black "Medina, Joshua"]
[Result "0-1"]
[WhiteElo "1575"]
[BlackElo "1621"]
[PlyCount "64"]
[EventDate "2023.08.13"]
[EventType "team-swiss"]
[EventRounds "9"]
[EventCountry "NED"]
[SourceTitle "CBM 215 Extra"]
[Source "ChessBase"]
[SourceDate "2023.09.30"]
[SourceVersion "1"]
[SourceVersionDate "2023.09.30"]
[SourceQuality "1"]
[WhiteTeam "Uganda II"]
[BlackTeam "Trinidad and Tobago"]
[WhiteTeamCountry "UGA"]
[BlackTeamCountry "TRI"]

1. e4 c5 2. Nc3 Nc6 3. f4 e6 4. Nf3 d5 5. Bb5 Nge7 6. 0-0 a6 7. Bxc6+ Nxc6 8. d3 Be7 9. f5 d4 10. Ne2 exf5 11. exf5 Bxf5 12. Qe1 0-0 13. Kh1 Bg6 14. Nf4 Nb4 15. Qf2 Nd5 16. Ne5 Bd6 17. Nxd5 Bxe5 18. Qf3 Qd6 19. Bf4 Rfd8 20. Bxe5 Qxd5 21. Qg3 Rac8 22. h4 h5 23. b3 b5 24. Rad1 a5 25. Rf2 a4 26. Rdf1 Rd7 27. Kg1 Re8 28. Bf4 axb3 29. axb3 c4 30. bxc4 bxc4 31. dxc4 Qxc4 32. Rc1 Rde7 0-1

[Event "World ol U16"]
[Site "Eindhoven"]
[Date "2023.08.16"]
[Round "6.29"]
[White "Mwase, Arthur"]
[Black "Medina, Joshua"]
[Result "0-1"]
[WhiteElo "1683"]
[BlackElo "1621"]
[PlyCount "120"]
[EventDate "2023.08.13"]
[EventType "team-swiss"]
[EventRounds "9"]
[EventCountry "NED"]
[SourceTitle "CBM 215 Extra"]
[Source "ChessBase"]
[SourceDate "2023.09.30"]
[SourceVersion "1"]
[SourceVersionDate "2023.09.30"]
[SourceQuality "1"]
[WhiteTeam "Uganda"]
[BlackTeam "Trinidad and Tobago"]
[WhiteTeamCountry "UGA"]
[BlackTeamCountry "TRI"]

1. e4 c5 2. Nf3 Nc6 3. d4 cxd4 4. Nxd4 Nf6 5. Nc3 e5 6. Ndb5 d6 7. Bg5 a6 8. Na3 b5 9. Bxf6 gxf6 10. Nd5 Bg7 11. g3 Ne7 12. Nxe7 Qxe7 13. Bg2 0-0 14. 0-0 Bb7 15. c3 Rfd8 16. Nc2 f5 17. exf5 Bxg2 18. Kxg2 d5 19. Re1 Qg5 20. Nb4 Qxf5 21. Nc6 Rd7 22. Qxd5 Rc8 23. Nd4 Qxf2+ 24. Kxf2 Rxd5 25. Nf3 f5 26. Rad1 Rcd8 27. Rxd5 Rxd5 28. Nh4 e4 29. Ke2 Bf6 30. Ng2 Bg5 31. Ne3 Bxe3 32. Kxe3 Rd3+ 33. Ke2 Kf7 34. Rf1 Kg6 35. Rf4 h5 36. Rh4 Kg5 37. Rf4 a5 38. Rf2 a4 39. a3 h4 40. gxh4+ Kg4 41. Rg2+ Kxh4 42. Rg8 f4 43. Rf8 f3+ 44. Kf2 Rd2+ 45. Ke3 Re2+ 46. Kd4 f2 47. Rh8+ Kg4 48. Rg8+ Kh3 49. Rh8+ Kg2 50. Rg8+ Kh1 51. Rf8 e3 52. Kd3 Re1 53. h4 f1Q+ 54. Rxf1+ Rxf1 55. Kxe3 Rf5 56. Kd3 Rh5 57. c4 bxc4+ 58. Kxc4 Rxh4+ 59. Kc3 Kg2 60. b3 Rh3+ 0-1

[Event "Pan American-ch Hybrid U14 31st"]
[Site "Tornelo INT"]
[Date "2021.09.04"]
[Round "1"]
[White "Montes Orozco, Miguel Angel"]
[Black "Medina, Joshua"]
[Result "1/2-1/2"]
[WhiteElo "2003"]
[BlackElo "1321"]
[PlyCount "58"]
[EventDate "2021.09.04"]
[EventType "swiss"]
[EventRounds "9"]
[EventCountry "NET"]
[SourceTitle "EXT 2023"]
[Source "ChessBase"]
[SourceDate "2022.10.05"]
[SourceVersion "1"]
[SourceVersionDate "2022.10.05"]
[SourceQuality "1"]

1. d4 d5 2. c4 e6 3. Nc3 Nf6 4. Nf3 Nc6 5. Bg5 Be7 6. e3 0-0 7. a3 b6 8. Bxf6 Bxf6 9. cxd5 exd5 10. Bd3 Bb7 11. Rc1 Rc8 12. b4 a6 13. Qe2 Nxd4 14. Nxd4 Bxd4 15. Bxa6 Bxc3+ 16. Rxc3 Bxa6 17. Qxa6 Qf6 18. Qd3 c5 19. bxc5 bxc5 20. 0-0 c4 21. Qd2 h6 22. h3 Rfd8 23. Rd1 Rb8 24. Qd4 Qg6 25. Kh2 Rb2 26. e4 Rb3 27. exd5 Rxd5 28. Qxc4 Rxc3 29. Qxd5 Rxa3 1/2-1/2

[Event "American World Cup Q Prelim"]
[Site "Tornelo INT"]
[Date "2021.05.08"]
[Round "2"]
[White "Medina, Joshua"]
[Black "Moncada Correa, Sara"]
[Result "0-1"]
[WhiteElo "1321"]
[BlackElo "1869"]
[PlyCount "112"]
[EventDate "2021.05.08"]
[EventType "swiss (rapid)"]
[EventRounds "9"]
[EventCountry "USA"]
[SourceTitle "CBM 202 Extra"]
[Source "ChessBase"]
[SourceDate "2021.07.31"]
[SourceVersion "1"]
[SourceVersionDate "2021.07.31"]
[SourceQuality "1"]

1. e4 e6 2. d4 d5 3. exd5 exd5 4. Bd3 Nf6 5. Bg5 Be7 6. Nf3 Bg4 7. h3 Bh5 8. 0-0 0-0 9. Nbd2 Nc6 10. c3 Ne4 11. Bxe7 Qxe7 12. Re1 f5 13. Be2 Rf6 14. Ne5 Bxe2 15. Nxc6 Rxc6 16. Qxe2 Qh4 17. Nf3 Qf6 18. Ne5 Rb6 19. Nd7 Qc6 20. Nxb6 axb6 21. f3 Nd6 22. Qe6+ Kh8 23. Re5 Qb5 24. Rae1 h6 25. Qxd5 Qxb2 26. Qb3 Qd2 27. R5e2 Qf4 28. Re7 Qd2 29. R1e2 Qc1+ 30. Kf2 Rc8 31. Qc2 Qf4 32. g3 Qg5 33. h4 Qh5 34. Qd2 Rf8 35. Qf4 Rc8 36. Qe5 Qg6 37. h5 Qg5 38. f4 Qg4 39. Kg2 Rg8 40. Rxc7 Ne4 41. Re3 Qd1 42. Rxe4 fxe4 43. Qxe4 Qxh5 44. Rxb7 Qa5 45. Qc6 Qxa2+ 46. Kh3 Qe2 47. Rxb6 Qh5+ 48. Kg2 Qe2+ 49. Kh1 Qf1+ 50. Kh2 Qe2+ 51. Qg2 Qh5+ 52. Qh3 Qe2+ 53. Kg1 Qe1+ 54. Qf1 Qxg3+ 55. Qg2 Qxf4 56. Rd6 Qxd6 0-1

[Event "Wch FIDE Online U12 America qual"]
[Site "Tornelo INT"]
[Date "2020.12.01"]
[Round "1"]
[White "Xie, Bryan"]
[Black "Medina, Joshua"]
[Result "1-0"]
[WhiteElo "2050"]
[BlackElo "1287"]
[PlyCount "67"]
[EventDate "2020.12.01"]
[EventType "swiss (rapid)"]
[EventRounds "7"]
[EventCountry "ISS"]
[SourceTitle "EXT 2022"]
[Source "ChessBase"]
[SourceDate "2021.10.06"]
[SourceVersion "1"]
[SourceVersionDate "2021.10.06"]
[SourceQuality "1"]

1. e4 e5 2. Nf3 Nc6 3. Bc4 Bc5 4. c3 d6 5. 0-0 Nf6 6. d3 0-0 7. a4 a6 8. Bg5 h6 9. Bh4 Ba7 10. Nbd2 Be6 11. b4 Bxc4 12. Nxc4 b5 13. Ne3 Nb8 14. axb5 axb5 15. Ra5 c6 16. Qa1 Bxe3 17. Rxa8 Bb6 18. Qc1 Qe7 19. h3 Nbd7 20. Rxf8+ Qxf8 21. Qa3 g5 22. Bg3 c5 23. Qa6 cxb4 24. cxb4 Qb8 25. Ra1 Kg7 26. Rc1 Nh5 27. Rc8 Qa7 28. Qxa7 Bxa7 29. Rc7 Bb6 30. Rxd7 Nxg3 31. Rxd6 Ne2+ 32. Kf1 Nf4 33. Rxb6 Nxd3 34. Rxb5 1-0